000 00591nam a2200181Ia 4500
008 151018s9999 xx 000 0 und d
082 _bRBASDV26015
_a891.463
100 _aसंजय सोनवणी
245 _aखलबळत्या सागासाठी
250 _b1
260 _bशांती
_c1992
300 _a180
600 _aसंजय सोनवणी
630 _aखलबळत्या सागासाठी
700 _aसंजय सोनवणी
730 _aखलबळत्या सागासाठी
942 _cBOOK
999 _c1025623
_d1025620